000 00425nam a2200181Ia 4500
001 17457
005 20260306171518.0
008 260306s9999||||xx |||||||||||||| ||und||
041 _aESP
082 _a658
_bF81
100 _aFranco Concha, Pedro
_eAUT
245 0 _aPlanes de negocios:
_buna metodología alternativa
260 _c2003
300 _a
_c
650 _aGEN
654 _aCAN
942 _cLIB
_dJUS
_fJUS
_2ddc
_n
999 _c17457
_d17457